LDR 00682naa#a2200181#i#450# 001 EN\\bibl\120257 005 20260417003911.5 011 ## _a1819-4036 100 ## _a20210331b2021####ek#y0engy0150####ca 102 ## _aRU 200 1# _aFEATURES OF YIELD FORMATION IN SAMPLES OF SPRING SOFT WHEAT OF SIBERIAN SELECTION IN THE CONDITIONS OF THE KRASNOYARSK FOREST-STEPPE _eJournal article 210 1# _aKrasnoyarsk _cKrasnoyarsk State Agrarian University _d2021 215 ## _a4 с. 608 ## _aJournal article _2local 675 ## _aОбщие вопросы сельского хозяйства. 631 _z 700 #1 _aNikitina _gVera Ivanovna 700 #1 _aFedosenko _gDenis Fedorovich 856 4# _avestnik.kgau.ru _u